000 01273nam0a2200325 4500
001 RU\NLR\bibl\1749267
005 20260406154930.0
010 _a978-5-699-47812-5
_915000
021 _aRU
_b2011-10323
_994д/11
021 _aRU
_b2013-15868
_988д/13
035 _a(nilc)RSL-KNO-004904673
035 _a(NLR Aleph) 001740135
090 _a1454116
_c1454116
100 _a20110221d2011 |||y0rusy50 ca
101 1 _arus
_cfre
102 _aRU
105 _aa |||||||||
200 1 _aМаленький принц
_e[для младшего школьного возраста]
_fАнтуан де Сент-Экзюпери
_gпер. [с фр.] Норы Галь
_gрис. авт.
210 _aМосква
_cЭксмо
_d2011
215 _a107, [4] с.
_cцв. ил.
_d22
225 1 _aКниги - мои друзья
686 _aШ9(2)70(4Фр)
_2rubbk
700 1 _4070
_8rus
_7ca
_aСент-Экзюпери
_bА. де
_f1900-1944
_gАнтуан де
_3RU\NLR\auth\777344
_9117280
702 1 _4040
_8rus
_7ca
_aСент-Экзюпери
_bА. де
_f1900-1944
_gАнтуан де
_3RU\NLR\auth\777344
_9117280
801 0 _aRU
_bRuMoRKP
_c20110221
_grcr
801 1 _aRU
_bRuMoRGB
_c20110221
801 2 _aRU
_bNLR
_c20110322
_grcr
942 _cBOOK
980 _aNB